Origami animals

Bibliographic Details
Main Author: Rojas, Hector
Format: Book
Published: New York : Sterling Publishing , 1993
Subjects:

MARC

LEADER 00000cam a2200000 7i4500
001 0000007628
002 000008193
005 20000330.0
020 |a 0806986492 
090 0 0 |a 736.982   |b ROJ 
100 1 |a Rojas, Hector 
245 1 0 |a Origami animals   |c Hector Rojas 
260 |a New York :   |b Sterling Publishing ,   |c 1993 
300 |a 159 p. :   |b ill. ;   |c 24 cm. 
650 0 0 |a Origami 
999 |a 051969   |b BUKU   |c PINJAMAN   |e PERPUSTAKAAN KOMUNITI PETALING JAYA